000 00484nam a2200181 a 4500
001 1778317703363
003 YourLibrary
005 20260509144031.0
008 260509s2009##################000#0#eng##
020 _a9783110195828
082 0 4 _a415
_bKLA
100 1 _aKlein, Wolfgang,
_eauthor.
245 1 0 _aThe Expression of Time :
260 _bDe Gruyter Mouton,
_c2009.
650 0 _aLanguage Arts & Disciplines.
942 _cENGLISH
040 _aYourLibrary
_beng
_cYourLibrary
999 _c622960
_d622960